000 00208nam a22000857a 4500
008 161217b xxu||||| |||| 00| 0 eng d
100 _92105
_aCBSE
245 _asCIENCE sAMPLE Q.P X
260 _aNew Delhi
_bCBSE
_c2011
999 _c4989
_d4989